000 00472nam a2200181Ia 4500
005 20250508152935.0
008 008 250505s9999 xx 000 0 hin d
037 _aTextual
040 _aFEDL
_beng
_cFEDL
041 _ahin
_2eng
084 _a891.431, PAN
_qFEDL
100 _aPant Sumitranandan
245 0 _aKavi bharti
260 _aJhansi, India
_bSahitya Sadan
300 _a735p.
942 _cTEXL
_h891.431, PAN
999 _c1339702
_d1339702